| 000 | 00547nam a2200169 i 4500 | ||
|---|---|---|---|
| 001 | 45215 | ||
| 003 | ES-MaACL | ||
| 005 | 20230906161200.0 | ||
| 007 | t| | ||
| 008 | 030325s1977 sp ||||1| cat d | ||
| 100 | 1 |
_aCirici, Alexandre. _938890 |
|
| 245 | 1 | 2 |
_aL'art gáotic catalá _b: l'arquitectura als segles XIII i XIV / _cAlexandre Cirici, Jordi Gumí Cardona. |
| 260 |
_aBarcelona : _bEd. 62, _c1977. |
||
| 300 |
_a301 p., 95 lám., 1 map. pleg. : _bil. ; _c30 cm. |
||
| 700 | 1 |
_aGumí, Jordi. _960946 |
|
| 852 |
_aES-MaACL _jA-7984 _bR.96960 |
||
| 999 |
_c45215 _d45215 |
||